000 00279nam a2200121 a 4500
008 110107s1978|||| d
100 1 _aMarx, Karol
245 1 0 _aEkonomicko-fylozofické rukopisy
260 _bSvoboda
_aPraha
_c1978
020 _c9
041 _aces
044 _aCZ
999 _c14545
_d14545